ბათუმის შოთა რუსთაველის სახელმწიფო უნივერსიტეტის ბიბლიოთეკა

მტაცებელი მცენარეები (ბიბ.ჩანაწერი № 44508)

000 -LEADER
fixed length control field 00642nam a2200205Ia 4500
001 - CONTROL NUMBER
control field 11306
003 - CONTROL NUMBER IDENTIFIER
control field GE_BSU
008 - FIXED-LENGTH DATA ELEMENTS--GENERAL INFORMATION
fixed length control field 181216s||||||||xx |||||||||||||| ||und||
040 ## - CATALOGING SOURCE
Transcribing agency GE_BSU
080 ## - UNIVERSAL DECIMAL CLASSIFICATION NUMBER
Universal Decimal Classification number 581.137
100 ## - MAIN ENTRY--PERSONAL NAME
Personal name თოდუა ნანული
245 ## - TITLE STATEMENT
Title მტაცებელი მცენარეები
245 ## - TITLE STATEMENT
Statement of responsibility, etc. რედ: ზ. შენგელია
260 ## - PUBLICATION, DISTRIBUTION, ETC.
Name of publisher, distributor, etc. საქ–ს სას–სამ. ინ–ტის გამ–ბა
260 ## - PUBLICATION, DISTRIBUTION, ETC.
Date of publication, distribution, etc. 1957
300 ## - PHYSICAL DESCRIPTION
Extent 62გვ.20სმ.
300 ## - PHYSICAL DESCRIPTION
Accompanying material ილ.
653 ## - INDEX TERM--UNCONTROLLED
Uncontrolled term მტაცებელი მცენარეები
942 ## - ADDED ENTRY ELEMENTS (KOHA)
Koha item type წიგნი
ეგზემპლარები
Withdrawn status Lost status Damaged status Not for loan Date acquired Barcode Date last seen Price effective from Koha item type
        2018-12-17 19710 2018-12-17 2018-12-17 წიგნი